Systems and circuits for electrical engineering technology / (Record no. 180726)
[ view plain ]
| 000 -LEADER | |
|---|---|
| fixed length control field | 01460 a2200229 4500 |
| 003 - CONTROL NUMBER IDENTIFIER | |
| control field | Nust |
| 005 - DATE AND TIME OF LATEST TRANSACTION | |
| control field | 20221031123818.0 |
| 010 ## - LIBRARY OF CONGRESS CONTROL NUMBER | |
| LC control number | 75034190 |
| 020 ## - INTERNATIONAL STANDARD BOOK NUMBER | |
| International Standard Book Number | 0070044309 |
| 040 ## - CATALOGING SOURCE | |
| Transcribing agency | Nust |
| 082 00 - DEWEY DECIMAL CLASSIFICATION NUMBER | |
| Classification number | 621.3192,BEL |
| 100 1# - MAIN ENTRY--PERSONAL NAME | |
| Personal name | Belove, Charles. |
| 9 (RLIN) | 101960 |
| 245 10 - TITLE STATEMENT | |
| Title | Systems and circuits for electrical engineering technology / |
| Statement of responsibility, etc. | Charles Belove, Melvyn M. Drossman. |
| 260 ## - PUBLICATION, DISTRIBUTION, ETC. | |
| Place of publication, distribution, etc. | New York : |
| Name of publisher, distributor, etc. | McGraw-Hill, |
| Date of publication, distribution, etc. | c1976. |
| 300 ## - PHYSICAL DESCRIPTION | |
| Extent | xviii, 662 p. : |
| Other physical details | ill. ; |
| Dimensions | 24 cm. |
| 505 ## - FORMATTED CONTENTS NOTE | |
| Formatted contents note | Essential Arithmetic, Units and Notation (Page-1), Signals (Page-25), Electrical Quantities (Page-45), Resistance (Page-69), Basic Resistive Networks Laws (Page-79), Resistive Networks Applications of the Basic Laws (Page-108), DC Instruments (Page-141), Linear Network Theorems (Page-165), Diodes (Page-203), Linear Two Port Networks (Page-238), Amplifiers Piecewise Linear (Page-269), Switching Algebra (Page-295), Combinational Digital Circuits (Page-324), Calculus Essentials (Page-368), Magnetic Circuits (Page-387), Inductance and Capacitance (Page-414), Time Responses of Circuits with Energy Storage Elements (Page-447), Frequency Response (Page-518), AC Instruments (Page-547), Feedback and Operational Amplifiers (Page-566), Sequential Digital Circuits and Hybrid Systems (Page-595), |
| 650 #0 - SUBJECT ADDED ENTRY--TOPICAL TERM | |
| Topical term or geographic name entry element | Electric circuits. |
| 9 (RLIN) | 10997 |
| 650 #0 - SUBJECT ADDED ENTRY--TOPICAL TERM | |
| Topical term or geographic name entry element | Electric networks. |
| 9 (RLIN) | 41311 |
| 650 #0 - SUBJECT ADDED ENTRY--TOPICAL TERM | |
| Topical term or geographic name entry element | Electronic circuits. |
| 700 1# - ADDED ENTRY--PERSONAL NAME | |
| Personal name | Drossman, M. Melvyn, |
| 9 (RLIN) | 101961 |
| 942 ## - ADDED ENTRY ELEMENTS (KOHA) | |
| Source of classification or shelving scheme | |
| Koha item type | Book |
| Withdrawn status | Lost status | Source of classification or shelving scheme | Damaged status | Not for loan | Permanent Location | Current Location | Shelving location | Date acquired | Full call number | Barcode | Date last seen | Price effective from | Koha item type | Public note |
|---|---|---|---|---|---|---|---|---|---|---|---|---|---|---|
| Military College of Signals (MCS) | Military College of Signals (MCS) | General Stacks | 12/12/2016 | 621.3192,BEL | MCS6640 | 12/08/2016 | 12/12/2016 | Book | Almirah No.29, Shelf No.4 |
